00887nam a2200205 a 450000100100000000500170001000800410002704000250006824501020009326000490019530000360024450000250028050400320030558600520033770000300038970000290041995201050044895201110055399900170066400003764320201002031109.0121023s2012 bl ac 000 0 spa d aDO-SdBNPbspacBNPHU03aEl monasterio de San Benito de Bahía /cDon Gregóro Paixão ; fotografía Almir Bindilatti. a[San Benito de Bahía] :bODEBRECHT,c2012. a401 p. :bil., retrs. ;c32 cm. aTexto a dos columnas aBibliografía : p. 383-394 aPremio ODEBRECHT de investigación histórica1 aPaixão Gregóro9641161 aBindilatti, Almir964117 001050718MOaGRbGRcCTd2012-10-23iLF1l0o p37643-10r2020-06-25w2020-06-25y1ZNo se presta 001050718MOaGRbGRcCTd2012-10-23iLF1l0o p37643-20r2020-06-25te. 2w2020-06-25y1ZNo se presta c37133d37133